The wolf in sheeps clothing / (رقم التسجيلة. 140741)

تفاصيل مارك
000 -LEADER
fixed length control field 00448nam a22001697a 4500
005 - DATE AND TIME OF LATEST TRANSACTION
control field 20251108175721.0
008 - FIXED-LENGTH DATA ELEMENTS--GENERAL INFORMATION
fixed length control field 250721s2019 xx 000 0 eng d
082 14 - DEWEY DECIMAL CLASSIFICATION NUMBER
Classification number J/F/WOL
245 14 - TITLE STATEMENT
Title The wolf in sheeps clothing /
264 ## - PRODUCTION, PUBLICATION, DISTRIBUTION, MANUFACTURE, AND COPYRIGHT NOTICE
Name of producer, publisher, distributor, manufacturer Home applied training,
Date of production, publication, distribution, manufacture, or copyright notice 2019.
300 ## - PHYSICAL DESCRIPTION
Extent 16 p
490 0# - SERIES STATEMENT
Series statement AESSOP'S FABLES
650 17 - SUBJECT ADDED ENTRY--TOPICAL TERM
Topical term or geographic name as entry element FICTION
653 ## - INDEX TERM--UNCONTROLLED
Uncontrolled term اطفال مرحلة متوسطة (6-9)سنوات
942 ## - ADDED ENTRY ELEMENTS (KOHA)
Source of classification or shelving scheme Dewey Decimal Classification
Koha item type كتب
المقتنيات
حالة السحب حالة الفقدان مصدر التصنيف حالة التلف غير قابل للإعارة المكتبة الرئيسية المكتبة الحالية موقع الرف تاريخ التزويد الرقم المتسلسل Total Checkouts رقم الإستدعاء الباركود تاريخ آخر ظهور تاريخ الفاتورة نوع المادة (كوها)
    Dewey Decimal Classification     المكتبة المركزية المكتبة المركزية الأطفال 16/01/2020 1727734   J/F/WOL PLD00484698 28/07/2025 16/01/2020 كتب
    Dewey Decimal Classification     مكتبة قتيبة للأطفال مكتبة قتيبة للأطفال الأطفال 16/01/2020 1727758   J/F/WOL PLD00484696 28/07/2025 16/01/2020 كتب
    Dewey Decimal Classification     مكتبة الأميرة ايمان العامة مكتبة الأميرة ايمان العامة الأطفال 16/01/2020 1727766   J/F/WOL PLD00484699 28/07/2025 16/01/2020 كتب
    Dewey Decimal Classification     مكتبة مرج الحمام مكتبة مرج الحمام الأطفال 16/01/2020 1727750   J/F/WOL PLD00484697 28/07/2025 16/01/2020 كتب
Implemented & Customized by: BBB with SCIT (Smart Chains for Information Technology)

Powered by Koha